Statistics for Bands/Artists by Picture Riddles #1

Click here to take the quiz!

General Stats

  • This quiz has been taken 91 times
  • The average score is 7 of 16

Answer Stats

Answer% Correct
Radiohead
93%
Arctic Monkeys
89%
Ice Cube
80%
Counting Crows
52%
Green Day
51%
House of Pain
44%
The Black Keys
44%
Def Leppard
40%
Third Eye Blind
40%
My Chemical Romance
35%
U2
27%
Sum 41
23%
Midnight Oil
21%
Van Halen
15%
Paul Simon
12%
Lou Reed
10%

Score Distribution

Percentile by Number Answered

Percent of People with Each Score

Your Score History

You have not taken this quiz